How to get a good degree : making the most of your time at university /

Bibliographic Details
Main Author: Race, Philip
Format: Book
Language:English
Published: Maidenhead, England ; New York : McGraw Hill/Open University Press, 2007.
Edition:2nd ed.
Series:Open UP study skills.
Subjects:

MARC

Tag First Indicator Second Indicator Subfields
LEADER 00000cam a2200000 a 4500
001 in00002397639
005 20151109072410.0
008 070813s2007 enka b 001 0 eng
015 |a GBA766058  |2 bnb 
016 7 |a 013823548  |2 Uk 
019 |a 156810248  |a 156810250 
020 |a 0335222668 (hbk.) 
020 |a 9780335222667 (hbk.) 
020 |a 033522265X (pbk.) 
020 |a 9780335222650 (pbk.) 
029 1 |a NZ1  |b 11613488 
035 |a (OCoLC)ocn166314917 
035 |a (OCoLC)166314917  |z (OCoLC)156810248  |z (OCoLC)156810250 
040 |a UKM  |c UKM  |d BTCTA  |d BAKER  |d YDXCP  |d BWKUK  |d BWX  |d UtOrBLW 
049 |a TXAM 
050 4 |a LB2343.3  |b .R35 2007 
082 0 4 |a 378.2  |2 22 
100 1 |a Race, Philip. 
245 1 0 |a How to get a good degree :  |b making the most of your time at university /  |c Phil Race. 
250 |a 2nd ed. 
264 1 |a Maidenhead, England ;  |a New York :  |b McGraw Hill/Open University Press,  |c 2007. 
300 |a xii, 272 pages :  |b illustrations ;  |c 24 cm. 
336 |a text  |b txt  |2 rdacontent 
337 |a unmediated  |b n  |2 rdamedia 
338 |a volume  |b nc  |2 rdacarrier 
490 1 |a Open up study skills 
500 |a Previous edition: 1999. 
504 |a Includes bibliographical references (pages [267]-269) and index. 
650 0 |a College student orientation. 
650 0 |a Degrees, Academic. 
830 0 |a Open UP study skills. 
938 |a Baker and Taylor  |b BTCP  |n BK0007318511 
938 |a YBP Library Services  |b YANK  |n 2584951 
938 |a Baker & Taylor  |b BKTY  |c 44.95  |d 44.95  |i 033522265X  |n 0007318511  |s active 
938 |a Baker & Taylor  |b BKTY  |c 136.95  |d 136.95  |i 0335222668  |n 0007318512  |s active 
938 |a Blackwell Book Service  |b BBUS  |n R9715912  |c $44.95 
945 |a PromptCat  |b 442802 
946 |a stk 
947 |a A14836807526 
994 |a 92  |b TXA 
948 |a cataloged  |b h  |c 2008/6/25  |d c  |e asalazar  |f 12:50:28 pm 
999 |a MARS 
999 f f |s feba9ae7-7abd-3dca-a757-c0876df036bc  |i a160a4bf-6abe-3f8f-ae4a-2d3abff53b9e  |t 0 
952 f f |p normal  |a Texas A&M University  |b College Station  |c Sterling C. Evans Library  |d Evans: Library Stacks  |t 0  |e LB2343.3 .R35 2007  |h Library of Congress classification  |i unmediated -- volume  |m A14836807526 
998 f f |a LB2343.3 .R35 2007  |t 0  |l Evans: Library Stacks